| 000 | 00418nam a2200097Ia 4500 | ||
|---|---|---|---|
| 008 | 180130s9999 xx 000 0 und d | ||
| 245 |
_cRenaud, Fabrice G.; Sudmeier-Rieux, Karen; Estrella, Marisol _aThe relevance of ecosystems for disaster risk reduction |
||
| 260 | _c2013 | ||
| 300 | _aBook title: The role of ecosystems in disaster risk reduction--Acession number C17927; pages 3 - 25 | ||
| 650 | _aECOSYSTEM MANAGEMENT | ||
| 999 |
_c354545 _d354545 |
||